Living up and above (Record no. 105633)
[ view plain ]
| 000 -LEADER | |
|---|---|
| fixed length control field | 01137cam a2200253 4500 |
| 001 - CONTROL NUMBER | |
| control field | ##L134281 |
| 008 - FIXED-LENGTH DATA ELEMENTS--GENERAL INFORMATION | |
| fixed length control field | 060721n2006 000 0 eng u |
| 035 ## - SYSTEM CONTROL NUMBER | |
| System control number | (Sirsi) u134281 |
| 041 0# - LANGUAGE CODE | |
| Language code of text/sound track or separate title | eng |
| 050 04 - LIBRARY OF CONGRESS CALL NUMBER | |
| Classification number | 333.33 $2 18 |
| 110 2# - MAIN ENTRY--CORPORATE NAME | |
| Corporate name or jurisdiction name as entry element | CB Richard Ellis |
| 9 (RLIN) | 3675 |
| 245 00 - TITLE STATEMENT | |
| Title | Living up and above |
| Remainder of title | the price for height |
| 260 ## - PUBLICATION, DISTRIBUTION, ETC. | |
| Place of publication, distribution, etc. | London |
| Name of publisher, distributor, etc. | CBRE |
| Date of publication, distribution, etc. | 2006 |
| 490 ## - SERIES STATEMENT | |
| Series statement | CB Richard Ellis/Hamptons International Market View |
| 520 ## - SUMMARY, ETC. | |
| Summary, etc. | Reports on how developers are implementing the height premium as a pricing strategy for high rise residential developments. Some schemes have a simple per floor uplift, others have a more sophisticated pricing strategy. In London, premiums averaged 1% to 3% of unit price, but regionally premiums are lower, with schemes in Manchester and Leeds achieving a per floor premium of 1% to 2%. Graphs. |
| 590 ## - LOCAL NOTE (RLIN) | |
| Local note | IKA010806 |
| 651 #4 - SUBJECT ADDED ENTRY--GEOGRAPHIC NAME | |
| Geographic name | LONDON |
| 651 #4 - SUBJECT ADDED ENTRY--GEOGRAPHIC NAME | |
| Geographic name | MANCHESTER |
| 651 #4 - SUBJECT ADDED ENTRY--GEOGRAPHIC NAME | |
| Geographic name | LEEDS |
| 690 ## - LOCAL SUBJECT ADDED ENTRY--TOPICAL TERM (OCLC, RLIN) | |
| Topical term or geographic name as entry element | BUILT ENVIRONMENT-BUILDING TYPES-TALL BUILDINGS |
| 710 2# - ADDED ENTRY--CORPORATE NAME | |
| Corporate name or jurisdiction name as entry element | Hamptons International |
| 9 (RLIN) | 4999 |
| 856 40 - ELECTRONIC LOCATION AND ACCESS | |
| Uniform Resource Identifier | <a href="https://www.cbre.com/">https://www.cbre.com/</a> |
| Public note | View the item free of charge at www.cbre.com... |
| 942 ## - ADDED ENTRY ELEMENTS (KOHA) | |
| Suppress in OPAC | 0 |
| Withdrawn status | Lost status | Source of classification or shelving scheme | Damaged status | Not for loan | Home library | Current library | Shelving location | Date acquired | Total Checkouts | Full call number | Barcode | Date last seen | Copy number | Price effective from | Koha item type |
|---|---|---|---|---|---|---|---|---|---|---|---|---|---|---|---|
| Dewey Decimal Classification | Virtual | Virtual | Online | 21/07/2006 | ONLINE PUBLICATION | 134281-1001 | 06/08/2019 | 1 | 06/08/2019 | Book |